| 000 | 00700nam a2200229 i 4500 | ||
|---|---|---|---|
| 001 | 126807 | ||
| 003 | ES-MaACL | ||
| 005 | 20230906192902.0 | ||
| 007 | t| | ||
| 008 | 070214s1973 sp r ||||1| spa d | ||
| 100 | 1 |
_aRibadeau Dumas, François. _996705 |
|
| 245 | 1 | 0 |
_aHistoria de la magia / _cFrançois Ribadeau Dumas ; [traducción de Ramón Planes]. |
| 250 | _a1ª ed. | ||
| 260 |
_aBarcelona : _bPlaza y Janés, _c1973. |
||
| 300 |
_a537 p. ; _c22 cm. |
||
| 490 | 1 | _aColección: Otros mundos | |
| 650 | 4 |
_aMagia- _vHistoria. _9151846 |
|
| 700 | 1 |
_aPlanes, Ramón. _992557 |
|
| 830 | 0 |
_aColección: Otros mundos _9219145 |
|
| 852 |
_aES-MaACL _jC-49742 _bR.84527 |
||
| 999 |
_c126807 _d126807 |
||